Statistics for 近鉄の形式

Click here to take the quiz!

General Stats

  • This quiz has been taken 30 times
  • The average score is 50 of 88

Answer Stats

Answer% Correct
モワ24
96%
50000
96%
モト90
96%
1000
92%
8000
92%
30000
88%
1240
85%
2000
85%
22000
85%
コ11
85%
1200
81%
80000
81%
コ15
81%
21000
77%
3200
77%
7000
77%
9000
77%
1400
73%
1201
69%
1220
69%
20000
69%
21020
69%
22600
69%
23000
69%
5800
69%
8600
69%
9020
69%
16000
65%
1620
65%
3220
65%
5200
65%
5820
65%
12400
62%
7020
62%
8400
62%
1010
58%
1233
58%
1420
58%
1430
58%
16200
58%
16600
58%
6020
58%
6400
58%
9200
58%
12600
54%
6200
54%
8800
54%
1230
50%
12410
50%
1249
50%
1422
50%
1435
50%
1436
50%
1437
50%
2800
50%
5209
50%
5211
50%
6600
50%
6820
50%
1021
46%
1026
46%
1252
46%
1440
46%
16010
46%
16400
46%
26000
46%
6620
46%
9820
46%
1253
42%
1254
42%
1259
38%
2050
38%
6407
38%
6413
38%
6419
38%
6422
38%
6432
38%
8810
38%
1031
35%
1810
35%
2013
35%
2410
35%
2430
35%
2610
31%
15200
27%
19200
23%
15400
19%
2444
15%

Score Distribution

Percentile by Number Answered

Percent of People with Each Score

Your Score History

You have not taken this quiz